000 00258 a2200109 4500
003 Nust
005 20170207154226.0
040 _cNust
082 _a371.33
245 _aBasics data comm. Part 1 & 2 (UMC-03)
440 _aBasics data comm. Part 1 & 2 (UMC-03)
538 _aDuration Mins 45
999 _c195582
_d195582